WOC champions 2010-2024 - Statistics

General Stats
  • This quiz has been taken 26 times
  • The average score is 25 of 30
Answer Stats
Hint Answer % Correct
(SUI; 1x Middle, 3x Sprint) Daniel Hubmann
100%
(NOR; 2x Long, 1x Sprint) Kasper Fosser
100%
(RUS; 1x Middle) Leonid Novikov
100%
(FIN; 1x Sprint) Mårten Boström
100%
(SUI; 3x Middle, 1x Sprint, 1x K-O Sprint) Matthias Kyburz
100%
(FIN; 2x Middle) Minna Kauppi
100%
(RUS/SUI; 1x Middle) Natalia Gemperle
100%
(NOR; 6x Long, 2x Middle) Olav Lundanes
100%
(SUI; 1x K-O Sprint) Riccardo Rancan
100%
(SUI; 1x Long) Simona Aebersold
100%
(SUI; 3x Long, 1x Middle, 3x Sprint) Simone Niggli
100%
(SWE; 5x Long, 5x Middle, 2x Sprint, 2x K-O Sprint) Tove Alexandersson
100%
(DEN; 4x Sprint) Maja Alm
94%
(FRA; 4x Long, 2x Middle) Thierry Gueorgiou
94%
(LAT; 1x Middle) Edgars Bertuks
82%
(NOR; 1x Middle) Eskil Kinneberg
82%
(SWE; 1x Sprint) Jonas Leandersson
82%
(SWE; 1x Sprint) Isac von Krusenstierna
76%
(SWE; 1x Sprint) Jerker Lysell
76%
(SWE; 1x Sprint) Martin Regborn
76%
(GBR; 1x Sprint) Megan Carter-Davies
76%
(DEN; 1x Long) Ida Bobach
71%
(DEN; 1x Sprint) Søren Bobach
71%
(SWE; 1x Long, 2x Middle) Annika Billstam
65%
(NOR; 1x Middle) Carl Waaler Kaas
65%
(SUI; 1x Sprint) Judith Wyder
65%
(SWE; 1x Middle) Helena Jansson
59%
(SUI; 1x Sprint) Mathias Müller
59%
(SWE; 1x Sprint) Linnea Gustafsson
53%
(RUS; 1x Long) Svetlana Mironova
53%
No matching quizzes found
Score Distribution
Percent of People with Each Score
Percentile by Number Answered
Your Score History
You have not taken this quiz